Pięć najlepszych stolic według kategorii #1 - Statystyki

Ogólne statystyki
  • Ten quiz został rozwiązany 11 razy
  • Średni wynik to 28 z 42
Statystyki odpowiedzi
Stolica % Poprawnych
Buenos Aires
100%
Helsinki
100%
Kair
100%
Londyn
100%
Moskwa
100%
Oslo
100%
Paryż
100%
Pekin
100%
Sztokholm
100%
Tokio
100%
Waszyngton
100%
Amsterdam
86%
Dublin
86%
Dżakarta
86%
Kopenhaga
86%
Reykjavík
86%
Teheran
86%
Wellington
86%
Abu Zabi
71%
Bagdad
71%
Bruksela
71%
Canberra
71%
Santiago
71%
Seul
71%
Bogota
57%
Doha
57%
Montevideo
57%
Tallinn
57%
Dhaka
43%
Kuala Lumpur
43%
Lima
43%
Manila
43%
Quito
43%
Singapur
43%
Thimphu
43%
La Paz
29%
Libreville
29%
Manama
29%
Sucre
29%
Kampala
14%
Yaren
14%
São Tomé
0%
Nie znaleziono quizów pasujących do podanych kryteriów
Rozkład punktacji
Procent ludzi z każdym wynikiem
Percentyl według liczby udzielonych odpowiedzi
Twoja historia wyników
Nie rozwiązałeś tego quizu